00738nam a2200229 a 450000100060000000300080000600500170001400800410003103500190007204000300009104100080012108200220012910000200015124500880017126000390025930000200029850400640031865000170038265000180039965000200041783000710043771115BD-RjUL20211209082059.0170426s1956 gw b 001 0 eng d a(BD-RjUL)71330 aDLCcOYUdOCoLCdDLCbeng aeng 223a510bSUS 19561 aSuzuki, Michio.10aStructure of a group and the structure of its lattice of subgroups /cMichio Suzuki aBerlin :bSpringer-Verlag,cc1956. a96 p. ;c23 cm. aIncludes bibliographical references (p. 92-94) and indexes. 0aMathematics. 0aGroup theory. 0aLattice theory. aErgebnisse der Mathematik und ihrer Grenzgebiete ;vN.F., Heft 10.